00525nam a2200181Ia 4500003000400000008004100004020001500045040001600060082001700076100002600093245005600119250001700175260005300192300002400245650003200269650001900301650002300320GCL140319s9999 xx 000 0 ara d a?164172977 aGCL / cGCL04a242bس أ1 aسوسن الجيار10aادعياء النبوة / cسوسن الجيار aالاولى aالقاهرة : bمكتبة غريب ، c1987 a143 ص ؛ c15 سم04aالسيرة النبوية04aالنبوات04aالادعاءات